00443nam a2200157Ia 4500008004100000020000700041082001500048100003400063245002900097250000700126260003000133300003200163500001900195600002100214650005000235240925s9999 xx 000 0 und d aNA a005.43 DIG aDigital Equipment Corporation 0aBasic on VAX/VMS Systems aNA aNAbNot Availablec,1984. aVarious pagesbNAfOriginal aIncludes Index aComputer Science aComputer science, information & general works